000 00288 a2200145 4500
001 164056
020 _a
040 _cMagnum
100 _aFerres, Joan
240 1 0 _aTelevisao e educacao
_lpor
245 1 0 _aTelevisao e educacao
362 0 _a1899
697 _aENSINO
942 _cBK
999 _c164056
_d164056